000 00737nam a2200229Ia 4500
001 7092
003 GE_BSU
008 181216s||||||||xx |||||||||||||| ||und||
040 _cGE_BSU
080 _a696/697(075.8)
100 _aБогославский,В.Н. Шеглов,В.П. Разумов,Н.Н.
245 _aОтопление и вентиляция.
245 _bУчебник для вузов.
245 _cРед. М.А.Щершукова.
250 _a2-е изд. перераб. и доп.
260 _aМ.
260 _bСтройиздат.
260 _c1980.
300 _a295стр.с илл.22см.библиогр.:стр.292.
653 _aОтопление и вентиляция.
942 _cBK
999 _c40481
_d40481